000 00516nam a22001937a 4500
003 Ost
005 20260313035540.0
008 260313b |||||||| |||| 00| 0 eng d
020 _a9788174090673
040 _cBT-PhCST
050 _a25753-25757
082 _222
_a620.0042
_bSIN
100 _aSingh, Sadhu.
245 _aComputer-aided design and manufacturing /
260 _aNew Delhi :
_bKhana Publishers,
_cc2018,
300 _axvi, 996 p. :
_bill. ;
_c24 cm.
500 _aIncludes index.
942 _2ddc
_cMEC
999 _c10196
_d10196